Τα γεωργικά της Λέσβου : ο κάμπος της Καλλονής

Αποθηκεύτηκε σε:
Λεπτομέρειες βιβλιογραφικής εγγραφής
Κύριος συγγραφέας: Τραγέλλης, Χρήστος Ι.
Μορφή: Βιβλίο
Γλώσσα:Greek
Δημοσίευση: Αθήνα : Δήμος Καλλονής Λέσβου, 1999
Θέματα:
Ετικέτες: Προσθήκη ετικέτας
Δεν υπάρχουν, Καταχωρήστε ετικέτα πρώτοι!

MARC

LEADER 00000cam a2200000 i 4500
001 1/23329
008 011112s1999 gre d
020 |a 960-85840-2-7 
035 |l 10067644 
040 |a GR-MY-UA  |b    |e aacr 
041 0 |a gre 
082 0 |a 630.4958 
100 1 |a Τραγέλλης, Χρήστος Ι. 
245 1 3 |a Τα γεωργικά της Λέσβου :  |b ο κάμπος της Καλλονής /  |c Χρήστου Ι. Τραγέλλη ; πρόλογος Π. Δ. Μιχαηλάρη 
260 |a Αθήνα :   |b Δήμος Καλλονής Λέσβου,   |c 1999 
300 |a 187 σ.;  |b φωτ.; χάρτ.;  |c 24 εκ. 
504 |a Περιέχει ευρετήριο 
650 0 |a Agriculture  |z Greece  |z Kallone (Lesbos Island) 
650 0 |a Agriculture  |x History. 
650 0 |a Farm produce  |z Greece  |z Kallone (Lesbos Island) 
852 |a INST  |b LESVOS  |e 20011112  |h 630.4958 ΤΡΑ  |p 005100025134  |q 005100025134  |t BK  |y 0 
852 |a INST  |b LESVOS  |e 20011112  |h 630.4958 ΤΡΑ  |p 005100025135  |q 005100025135  |t BK  |y 0 
901 |a BIBL1-2002-3 
909 |a Λ  |b 099091 
909 |a Λ  |b 099092 
922 |a 1ΕΛΗ  |b 200111  |c ΤΑΚ/ΚΥΒ  |d ΣΦΕΤΟΥΔΗΣ 
950 |a 023-2001-11-02 
970 |a ΚΑΜΑΤΣΟΥ  |b ΔΕΣΠΟΙΝΑ  |z 2002/09/16